| 000 | 01424nam a2200265Ia 4500 | ||
|---|---|---|---|
| 999 |
_c5662 _d5662 |
||
| 003 | OSt | ||
| 005 | 20200621004715.0 | ||
| 008 | 191128s2009 ck ad fr 000 0dspa d | ||
| 020 | _a9789587104745 | ||
| 040 |
_aCO-JMCR _cCO-JMCR |
||
| 041 | 0 | _aspa | |
| 082 | 0 | 4 |
_a332.67254 / _bL343p _223 |
| 100 | 1 |
_aLaserna Jaramillo, Juan Mario, _eeditor _95933 |
|
| 245 | 1 | 0 |
_aPensiones y portafolios : _bconstrucción de una política pública / _cJuan Mario Laserna Jaramillo, Carolina Gómez Restrepo, editores |
| 250 | _aPrimera edición | ||
| 260 |
_aBogotá : _bBanco de la República ; Universidad Externado de Colombia, _c2009 |
||
| 300 |
_a820 páginas : _bgráficos a blanco y negro ; _c25 cm. |
||
| 505 | 0 | _aEficiencia de los portafolios de los fondos de pensiones obligatorias -- Impacto de la regulación en las decisiones de inversión de las administradoras de los fondos de pensiones obligatorias. | |
| 520 | _a"Esta obra es una novedad en la literatura económica colombiana porque es un análisis financiero de un problema que nos compete a todos los colombianos, el de las pensiones, llevado a cabo con altos estándares de calidad técnica y responsabilidad." | ||
| 650 | 1 | 4 |
_aFondos de pensiones _zColombia _95934 |
| 650 | 1 | 4 |
_aPortafolio de inversiones _zColombia _95935 |
| 650 | 1 | 4 |
_aAdministradoras de fondos de pensiones _95936 |
| 700 | 1 |
_aGómez Restrepo, Carolina, _eeditora _95937 |
|
| 942 |
_2ddc _cBK |
||